000 01961cam a2200397 a 4500
001 14167142
003 OSt
005 20231018085249.0
008 051103s2006 maua b 001 0 eng
010 _a 2005031693
016 7 _a101260983
_2DNLM
020 _a0727918354 (alk. paper)
020 _a9780727918352
035 _a(OCoLC)ocm62302235
040 _aDNLM/DLC
_cDLC
_dNLM
_dBAKER
_dBWKUK
_dDLC
050 0 0 _aRC674
_b.S84 2006
060 0 0 _a2006 F-198
060 1 0 _aWY 152.5
_bS851c 2006
082 0 0 _aWG 100 S49c 2006.
_222
100 1 _aStewart, Simon; Inglis, Sally; Hawkes, Anna.
_916599
245 1 0 _aChronic Cardiac Care :
_ba practical guide to specialist nurse management
250 _a1st ed.
260 _aOxford;
_bBlackwell Pub.,
_c2006.
300 _aix, 153 p. :
_bill. ;
_c24 cm.
504 _aIncludes bibliographical references and index.
505 0 _aPathophysiology and epidemiologic burden of chronic cardiac disease -- Key therapeutic targets in chronic cardiac care -- Slowing the progression of cardiovascular disease : innovative approaches to cardiac rehabilitation and secondary prevention -- Chronic CHF management programs : an exemplar for chronic cardiac care -- Organizational aspects of chronic cardiac care -- Individual aspects of chronic cardiac care -- Establishing a nurse-led program of chronic cardiac care.
650 0 _aHeart diseases
_916600
650 0 _aChronic diseases
_916601
655 7 _aPractice Guideline.
_2mesh
_916605
856 4 1 _3Table of contents only
_uhttp://www.loc.gov/catdir/toc/ecip063/2005031693.html
856 4 2 _3Contributor biographical information
_uhttp://www.loc.gov/catdir/enhancements/fy0802/2005031693-b.html
856 4 2 _3Publisher description
_uhttp://www.loc.gov/catdir/enhancements/fy0802/2005031693-d.html
906 _a7
_bcbc
_corignew
_d1
_eecip
_f20
_gy-gencatlg
942 _2z
_cO_SHELF
999 _c8130
_d8130